1463 1728 1501 1828 1935 1412 1850 1678 1278 1785 1223 1363 1345 1510 1319 1694 1987 1889 1422 1962 1639 1324 1594 1797 1480 1669 1306 1554 1040 1250 1646 1142 1365 1120 1748 1143 1456 1876 1469 1923 1253 1652 1624 1210 1269 1023 1404 1547 1197 1555 1750 1333 1165 1255 1882 1583 1770 1694 1440 1057 1364 1624 1247 1536 1839 1390 1789 1794 1933 1588 1227 1949 1405 1390 1546 1554 1528 1678 1348 1219 1305 1775 1333 1048 1617 1078 1808 1841 1669 1057 1680 1124 1790 1984 1016 1324 1813 1415 1667 BCNSPRNW ULIB Ver.6.0+V

เปลี่ยนเป็นภาษาไทย

Change to English
 แสดงรายละเอียดบรรณานุกรม
  กลับหน้าหลัก

Brief Record : Get Marc (ISO 2709) : E-mail record : QR code < ปิดหน้าต่าง
LEADER : 00000nam 2200000uu 4500
001    13399114170
003     ULIB
008    120228s||||||||th 000 0 tha d
022    ^a16856481
110    ^aกรมควบคุมโรค
245    ^aวารสารควบคุมโรค
260    ^aนนทบุรี :^bกรมควบคุมโรค,^cม.ป.ป.
310    ^aรายสามเดือน
850    ^aฉบับที่ 3 ปีที่ 37;ฉบับที่ 3 ปีที่ 37 ฉ.2;ฉบับที่ 1 ปีที่ 38
945    ^p0^l0^i800065
945    ^p0^l0^i800066
945    ^p0^l0^i800175
945    ^p0^l0^i800176
999 ^a ใช้งานได้ทุกระบบ
รายการนี้ยังไม่มีแท็ก
คุณยังไม่ได้ล็อกอิน คุณสามารถมีกิจกรรมร่วมกับเว็บไซต์ได้ แต่ต้องล็อกอินก่อน ::
  ล็อกอิน

รายการสื่อสารสนเทศ

ลำดับที่ ประเภท เลขเรียก/บาร์โค้ด สถานที่ สถานะ
1. วิทยาศาสตร์การแพทย์ และสุขภาพ
วิทยาศาสตร์การแพทย์ และสุขภาพ
  
  Barcode: 800065
ห้องสมุดวิทยาเขตสวรรค์ประชารักษ์
►วารสาร
บนชั้น
  ขอยืม
2. วิทยาศาสตร์การแพทย์ และสุขภาพ
วิทยาศาสตร์การแพทย์ และสุขภาพ
 ฉ.2 
  Barcode: 800066
ห้องสมุดวิทยาเขตสวรรค์ประชารักษ์
►วารสาร
บนชั้น
  ขอยืม
3. วิทยาศาสตร์การแพทย์ และสุขภาพ
วิทยาศาสตร์การแพทย์ และสุขภาพ
 ฉ.3 
  Barcode: 800175
ห้องสมุดวิทยาเขตสวรรค์ประชารักษ์
►วารสาร
บนชั้น
  ขอยืม
4. วิทยาศาสตร์การแพทย์ และสุขภาพ
วิทยาศาสตร์การแพทย์ และสุขภาพ
 ฉ.4 
  Barcode: 800176
ห้องสมุดวิทยาเขตสวรรค์ประชารักษ์
►วารสาร
บนชั้น
  ขอยืม

รายการใกล้เคียง
    ชื่อเรื่อง [วารสารควบคุมโรค]

BibComment


ยังไม่เคยถูกคอมเมนท์

คอมเมนท์ทรัพยากรรายการนี้
  คอมเมนท์: วารสารควบคุมโรค


 Copyright 2026. Bcnsprnw @Library